Democratic Republic of the Congo : Poverty Reduction Strategy Paper; Joint Staff Advisory Note.

This Joint Staff Advisory Note focuses on the Poverty Reduction Strategy Paper (PRSP) for the Democratic Republic of the Congo (DRC). The PRSP for Congo states that accelerated and sustainable economic growth will not be possible without a dynamic private sector engaged in job creation, development...

Celý popis

Podrobná bibliografie
Korporativní autor: International Monetary Fund
Médium: Časopis
Jazyk:English
Vydáno: Washington, D.C. : International Monetary Fund, 2007.
Edice:IMF Staff Country Reports; Country Report ; No. 2007/331
On-line přístup:Full text available on IMF
LEADER 01642cas a2200241 a 4500
001 AALejournalIMF009598
008 230101c9999 xx r poo 0 0eng d
020 |c 5.00 USD 
020 |z 9781451808452 
022 |a 1934-7685 
040 |a BD-DhAAL  |c BD-DhAAL 
110 2 |a International Monetary Fund. 
245 1 0 |a Democratic Republic of the Congo :   |b Poverty Reduction Strategy Paper; Joint Staff Advisory Note. 
264 1 |a Washington, D.C. :  |b International Monetary Fund,  |c 2007. 
300 |a 1 online resource (11 pages) 
490 1 |a IMF Staff Country Reports 
500 |a <strong>Off-Campus Access:</strong> No User ID or Password Required 
500 |a <strong>On-Campus Access:</strong> No User ID or Password Required 
506 |a Electronic access restricted to authorized BRAC University faculty, staff and students 
520 3 |a This Joint Staff Advisory Note focuses on the Poverty Reduction Strategy Paper (PRSP) for the Democratic Republic of the Congo (DRC). The PRSP for Congo states that accelerated and sustainable economic growth will not be possible without a dynamic private sector engaged in job creation, development of industries, and competitive export sector. It emphasizes the role of growth as an important part of poverty reduction. In particular, it accords priority to rehabilitating road and energy infrastructure, including electrification of urban and rural areas. 
538 |a Mode of access: Internet 
830 0 |a IMF Staff Country Reports; Country Report ;  |v No. 2007/331 
856 4 0 |z Full text available on IMF  |u http://elibrary.imf.org/view/journals/002/2007/331/002.2007.issue-331-en.xml  |z IMF e-Library